000 01138cam a22002535a 4500
001 L158833
008 150803s2010 xxk f 000 0 eng d
020 _a9780977858705
035 _a(Sirsi) u158833
041 0 _aeng
050 0 4 _aF692.3
110 2 _aBuilding Owners and Managers Association International
_96157
245 0 0 _aOffice buildings
_bStandard methods of measurement
260 _aWashington DC
_bBOMA
_c2010
300 _aiv, 64p ;27cm
520 _aThis standard is intended for the measurement of office buildings leased to single and multiple occupants on a rentable area basis. Uses two methods of measurement: the Legacy Method which calculates the rentable areas of the building and each floor level and Single Load Factor which uses base building circulation to redistribute the rentable area of the building across its floor levels to produce an identical load factor on all floor levels.
590 _aKA
650 2 4 _aSTANDARDS METHODS OF MEASUREMENT
650 2 4 _aOFFICE BUILDINGS
651 4 _aUnited States
690 _aMeasurement
_96256
690 _aCommercial property
_96227
942 _n0
999 _c115530
_d115530